| 000 | 00971nam a22002057a 4500 | ||
|---|---|---|---|
| 999 |
_c2296 _d2296 |
||
| 003 | AR-CdUCM | ||
| 008 | 190304b ||||| |||| 00| 0 spa d | ||
| 040 |
_aMUNICIPALIDAD PROVINCIAL DEL CUSCO _cBIBLIOTECA MUNICIPAL DEL CUSCO |
||
| 082 |
_a301.243 / _bV64 |
||
| 100 |
_aVignolo M., Alfredo _98289 |
||
| 245 |
_aHacia una sociologia de la comunicación : _bestudio tentativo en el campo de la sociologia de la comunicación / |
||
| 260 |
_aLima : _bGráfica Labor, _c1973. |
||
| 300 |
_a195 páginas ; _c20 cm. |
||
| 505 | _aContenido: La finción social de los medios -- Características de los medios -- Público y masas -- Sociología de la comunicación -- Ubicación de la comunicación en la sociología -- Algo sobre sociología -- Sociología y comunicación -- Civilización y cultura -- Sociología y persona humana ... | ||
| 650 |
_aComunicacón _98290 |
||
| 650 |
_aSociología _9276 |
||
| 650 |
_aPeriodismo _91929 |
||
| 942 |
_2ddc _cLIBROS |
||
| 945 | _azta | ||